Fuerzas armadas y democratización en Centroamérica

Wedi'i Gadw mewn:
Manylion Llyfryddiaeth
Prif Awdur: Lungo Uclés, Mario
Fformat: Texto
Cyhoeddwyd: Tegucigalpa
Tagiau: Ychwanegu Tag
Dim Tagiau, Byddwch y cyntaf i dagio'r cofnod hwn!

MARC

LEADER 00000 a a2200000 04500
001 21565
003
040
090 |a 095600  
100 |a Lungo Uclés, Mario  
245 |a Fuerzas armadas y democratización en Centroamérica  
260 |a Tegucigalpa  
300 |a 21 p.  
999 |c 11112  |d 11112